000 00811nas a2200265 4500
001 BR7600586
003 BR-BrBNA
005 20231205082907.0
007 ta
008 230509b bl.|||p| |||| 00| 00por d
040 _aBR-BrBNA
_bpor
_cBiblioteca Nacional de Agricultura
041 _a(Pt)
072 _aF25; F22
100 1 _aGloria, N.A. da
100 1 _aMattiazzo, M.E.
245 1 _aEfeito da materia organica na solubilizacao de fosfatos no solo, 3: Efeitos de residuos de destilarias (vinhaca)
650 _aSOLO
650 _aFOSFATO
650 _aMATERIA ORGANICA
650 _aRESIDUO INDUSTRIAL
650 _aVINHACA
773 0 _tBrasil Acucareiro (Brazil)
_xISSN 0006-9167
_g(Jan 1976), v. 87(1) p. 55-62
_wBR7600586
909 _a202311
_bLúcia
_c55
_dLúcia Elande
942 _2AGRIS
_n0
_cANA
999 _c94916
_d94916